10 States with the Most Elk 🫎 - Statistics

General Stats
  • This quiz has been taken 217 times
  • The average score is 8 of 10
Answer Stats
Population State % Correct
141,785 Montana
95%
60,000 Washington
94%
120,000 Idaho
92%
133,000 Oregon
92%
110,200 Wyoming
90%
280,000 Colorado
82%
81,000 Utah
80%
70,000+ New Mexico
65%
35,000 Arizona
62%
15,876 Kentucky
19%
No matching quizzes found
Score Distribution
Percent of People with Each Score
Percentile by Number Answered
Your Score History
You have not taken this quiz